[Event "HCL-C130"]
[Site "www.playchess.de"]
[Date "2001.02.15"]
[Round "11"]
[White "arsenic"]
[Black "Diagoras"]
[WhiteElo "1280"]
[BlackElo "1289"]
[PlyCount "23"]
[Result "1-0"]

1.e4 c5 2.c3 Nc6 3.d4 Nf6 4.e5 Ng8 5.Nf3 cxd4 
6.cxd4 e6 7.Be2 Bb4+ 8.Bd2 Bxd2+ 9.Qxd2 Nge7 
10.Nc3 O-O 11.O-O d6 12.Rfe1 1-0

[Event "HCL-C135"]
[Site "www.playchess.de"]
[Date "2001.02.15"]
[Round "3"]
[White "dg"]
[Black "Diagoras"]
[WhiteElo "696"]
[BlackElo "1289"]
[PlyCount "61"]
[Result "1-0"]

1.e4 c5 2.Nf3 Nc6 3.Nc3 Nf6 4.Bc4 e6 5.O-O Be7 
6.e5 Ng4 7.h3 Ngxe5 8.Nxe5 Nxe5 9.Qe2 Nxc4 10.Qxc4 
O-O 11.b3 d5 12.Qe2 f6 13.Bb2 a6 14.Rfe1 b6 15.d3 
b5 16.a4 b4 17.Nd1 a5 18.c4 d4 19.Qf3 Ra6 20.Bc1 
e5 21.Qg3 Bd6 22.Bh6 Rf7 23.Bd2 Bb7 24.f3 e4 
25.Qf2 e3 26.Bxe3 dxe3 27.Nxe3 Bf4 28.Rad1 Qc7 
29.Re2 Bg3 30.Qf1 Bh2+ 31.Kh1 1-0

[Event "HCL-C143"]
[Site "www.playchess.de"]
[Date "2001.02.15"]
[Round "20"]
[White "tiberiuskirk"]
[Black "king"]
[WhiteElo "1106"]
[BlackElo "1191"]
[PlyCount "45"]
[Result "1-0"]

1.e4 Nf6 2.e5 Nd5 3.d4 e6 4.Nf3 b6 5.Be2 Bb7 6.O-O 
g6 7.Bg5 Be7 8.Bh6 Rg8 9.c4 Nb4 10.a3 N4c6 11.d5 
exd5 12.cxd5 Na5 13.b4 Bxd5 14.Qxd5 c6 15.Qd3 f6 
16.bxa5 bxa5 17.exf6 Bxf6 18.Re1 Bxa1 19.Bd1+ Kf7 
20.Ng5+ Qxg5 21.Bxg5 Re8 22.Bb3+ d5 
23.Qf3+ 1-0

[Event "HCL-E017"]
[Site "www.playchess.de"]
[Date "2001.02.15"]
[Round "2"]
[White "Brrrr"]
[Black "Goofy"]
[WhiteElo "1806"]
[BlackElo "2089"]
[PlyCount "66"]
[Result "0-1"]

1.d4 Nf6 2.c4 g6 3.Nc3 Bg7 4.e4 d6 5.f3 O-O 6.Be3 
e5 7.d5 Nh5 8.Qd2 f5 9.exf5 gxf5 10.O-O-O a6 11.g3 
b5 12.cxb5 f4 13.Bf2 Bd7 14.bxa6 Nxa6 15.Bc4 Qe8 
16.Re1 Qf7 17.Kd1 Kh8 18.Ne4 Rfb8 19.Ng5 Qg6 
20.N1h3 Qb1+ 21.Qc1 Qxb2 22.Qxb2 Rxb2 23.Kc1 Rb4 
24.Bb3 Nc5 25.Bxc5 dxc5 26.g4 c4 27.Bc2 Rxa2 
28.Nf7+ Kg8 29.Nhg5 e4 30.Nh6+ Bxh6 31.Nxe4 Bg7 
32.gxh5 Rbb2 33.Re2 Ra1+ 0-1

[Event "HCL-M002"]
[Site "www.playchess.de"]
[Date "2001.02.15"]
[Round "17"]
[White "varelagm"]
[Black "Bronislaw"]
[WhiteElo "2200"]
[BlackElo "2334"]
[PlyCount "40"]
[Result "0-1"]

1.d4 g6 2.c4 Bg7 3.Nc3 d6 4.e4 Nd7 5.f3 e5 6.Be3 
Ne7 7.d5 O-O 8.Bd3 c6 9.Nge2 Nc5 10.Bc2 cxd5 
11.cxd5 a5 12.O-O b6 13.a3 Bd7 14.b4 Na6 15.bxa5 
bxa5 16.Rb1 Rb8 17.Qd2 Qc7 18.Na4 Rxb1 19.Rxb1 
Bxa4 20.Bxa4 Nc5 0-1

[Event "ACL-A037"]
[Site "www.playchess.de"]
[Date "2001.02.15"]
[Round "31"]
[White "Spade"]
[Black "Gruhni"]
[WhiteElo "1500"]
[BlackElo "1394"]
[PlyCount "46"]
[Result "0-1"]

1.e4 e5 2.Nf3 Nc6 3.Bb5 a6 4.Ba4 b5 5.Bb3 d6 6.a4 
Bg4 7.axb5 axb5 8.Rxa8 Qxa8 9.Bxf7+ Ke7 10.Bd5 Qa6 
11.h3 Bh5 12.g4 Bg6 13.d3 Nf6 14.Bb3 Na5 15.Ba2 b4 
16.Bg5 Kd7 17.Nbd2 Be7 18.Nh4 Nc6 19.Nxg6 hxg6 
20.Bc4 Qb6 21.Be3 Qb8 22.Bf7 Nh7 23.Bxg6 
Bg5 0-1

[Event "ACL-A051"]
[Site "www.playchess.de"]
[Date "2001.02.15"]
[Round "22"]
[White "Brrrr"]
[Black "u2krazie"]
[WhiteElo "1500"]
[BlackElo "996"]
[PlyCount "35"]
[Result "1-0"]

1.d4 Nf6 2.c4 g6 3.Nc3 Bg7 4.e4 d6 5.Nf3 Kf8 6.Be2 
Bg4 7.Be3 Bxf3 8.Bxf3 Nbd7 9.Qb3 Rb8 10.Rd1 e5 
11.dxe5 Nxe5 12.Be2 Ke7 13.Bxa7 Ra8 14.Qxb7 Qc8 
15.Qxc8 Rhxc8 16.Be3 Nfg4 17.Bd4 Kf8 
18.f4 1-0

[Event "ACL-A054"]
[Site "www.playchess.de"]
[Date "2001.02.15"]
[Round "13"]
[White "Stema"]
[Black "Milamber"]
[WhiteElo "2161"]
[BlackElo "2103"]
[PlyCount "106"]
[Result "1/2-1/2"]

1.d4 Nf6 2.c4 g6 3.Nc3 d5 4.cxd5 Nxd5 5.e4 Nxc3 
6.bxc3 Bg7 7.Rb1 O-O 8.Nf3 c5 9.Be3 Nc6 10.Be2 Qc7 
11.O-O Bg4 12.Qa4 Rfd8 13.Rfc1 cxd4 14.cxd4 Qd7 
15.Qb3 Bxf3 16.Bxf3 Nxd4 17.Bxd4 Bxd4 18.Qxb7 Qxb7 
19.Rxb7 Rac8 20.Rd1 Rc2 21.a4 Bxf2+ 22.Kf1 Rxd1+ 
23.Bxd1 Rd2 24.Rxe7 Bc5 25.Re8+ Kg7 26.Bf3 Ra2 
27.Rc8 Bd6 28.Rd8 Bxh2 29.Bd1 Rb2 30.Rd7 Bg3 31.e5 
Bxe5 32.Rxa7 Kf6 33.a5 Bg3 34.Bf3 Rf2+ 35.Kg1 Ra2 
36.Kf1 Ke6 37.Ra6+ Ke5 38.Ra8 h5 39.a6 h4 40.Bb7 
f5 41.Bc6 g5 42.Bb5 g4 43.Rg8 Kf4 44.Rh8 Rf2+ 
45.Kg1 Rb2 46.Bd3 Rd2 47.Bb5 Rd1+ 48.Bf1 Be1 
49.Rc8 g3 50.Rc2 Ba5 51.Rc4+ Kg5 52.Rc6 Rd2 53.a7 
Ra2 {So ein Míst, ich habe mich verklickt. Ich 
wollte Ld2 spielen mit Matt in weigen Zügen} 
 1/2-1/2

[Event "ACL-A060"]
[Site "www.playchess.de"]
[Date "2001.02.15"]
[Round "4"]
[White "chrisg"]
[Black "Blitzmich"]
[WhiteElo "1762"]
[BlackElo "1500"]
[PlyCount "135"]
[Result "1-0"]

1.d4 d5 2.c4 dxc4 3.Nf3 b5 4.a4 b4 5.Nbd2 Bb7 
6.Nxc4 Bxf3 7.exf3 Nd7 8.Bg5 h6 9.Bf4 e6 10.Ne5 
Nxe5 11.Bxe5 Ne7 12.Rc1 c6 13.Bd3 Qd7 14.O-O Rd8 
15.Qe2 f6 16.Bg3 Kf7 17.Rfe1 g6 18.a5 h5 19.Bc4 
Nd5 20.h4 Bh6 21.Rc2 g5 22.hxg5 Bxg5 23.f4 h4 
24.fxg5 hxg3 25.fxg3 fxg5 26.Qe5 Rhg8 27.Rf2+ Ke7 
28.a6 Qd6 29.Qf5 Rdf8 30.Qh7+ Kd8 31.Qxa7 Qxg3 
32.Qa8+ Kd7 33.Qb7+ Qc7 34.Bxd5 cxd5 35.Qxc7+ Kxc7 
36.Rxf8 Rxf8 37.Rxe6 Kb8 38.Rd6 {Dieses Spiel wird 
wohl noch ein Weilchen dauern, aber ich werde es 
versuchen! Gruß Chris}  Ka7 {Ja, wird eine 
interessante Sache.}  39.Rxd5 g4 40.Rb5 {:-)}  
Kxa6 41.Rxb4 Ka5 42.Rb3 Rf4 43.Rd3 Kb6 44.d5 Kc7 
45.d6+ {Solche Endspiele sind nun nicht gerade 
meine Stärke, aber ich übe dran! Gruß Chris}  Kd7 
{Na Du wirst doch nicht Deinen Vorteil vergeigen 
;)}  46.Kh2 {Hoffentlich nicht, aber wie ich mich 
kenne .....?! Einen schönen Abend und Gruß Chris}  
Rf2 {Schönen Abend ebenfalls. Na da habe ich ja 
noch Hoffnung....!? Gruß Ralf}  47.b3 {Ja, ja, 
aber nicht zu viel Hoffnung machen! ;-)) Gruß 
Chris}  Rf4 48.Kg3 Rb4 {na ich denke, hier ist die 
Entscheidung gefallen! Gruß Ralf}  49.Kh4 {Ja, 
denke ich jetzt auch!}  Re4 50.Kg5 g3 51.Kf5 Rb4 
52.Rxg3 Kxd6 53.Rd3+ {Du wehrst Dich ja bis zum 
Umfallen! Aber einer kommt durch! Gruß Chris}  Ke7 
{Ich weiß, aber welcher?  ;)) Gruß Ralf}  54.Re3+ 
{Ja, das weiß ich auch noch nicht! Ist ein 
langwieriger Prozeß! ;-)) Gruß Chris}  Kf7 {Auch 
hier warten wir mal noch etwas ab. Aufgeben kann 
ich alle mal :-) Gruß Ralf}  55.Ke5 {Ist auch 
O.K.! Gruß Chris}  Ke7 56.g4 Rb5+ 57.Kd4+ {Jetzt 
aber ich endlich die 100 Tage überschritten!  
;-))) Gruß Chris}  Kd6 {Das ist ja bis nach 
Ostern!! :) Gruß Ralf}  58.Rd3 {Ja, wenn wir es 
gut anstellen, werde ich im Herbst dann wegen 
Zeitüberschreitung verlieren! :-(}  Rg5 {...und 
wir können im Sommer beruhigt 4 Wochen Urlaub 
machen :))) Gruß Ralf}  59.Ke3+ {...nur 4 Wochen 
und in welchem Jahr? Gruß Chris}  Ke5 {2003 :)}  
60.Rd4 Rg6 {Guten Morgen wünscht Ralf}  61.b4 {den 
wünsche ich Dir auch! Gruß Chris}  Rh6 62.Re4+ Kd5 
63.b5 Rg6 64.Kf4 Rf6+ 65.Kg5 Rb6 {Danke für das 
Remis-Spiel! War interessant fand ich. Gruß Ralf}  
66.Kf5 {Den Dank gebe ich gerne zurück! Ich fand 
es auch super! Gruß Chris}  Rb8 {Ich habe mich 
gerade bei HCL-A080 eingeschrieben, wenn Du Lust 
hast? Gruß Ralf}  67.Re6 {Im Moment leider nicht, 
habe zu viele andere Spiele und die nächsten 
Wochen nicht so viel Zeit Danke}  Rf8+ {Ist auch 
O.K., man kann sich schließlich nicht zerteilen! 
Gruß Ralf}  68.Rf6 1-0

[Event "ACL-A062"]
[Site "www.playchess.de"]
[Date "2001.02.15"]
[Round "25"]
[White "vrad"]
[Black "ictus"]
[WhiteElo "1484"]
[BlackElo "1500"]
[PlyCount "47"]
[Result "1-0"]

1.e4 e6 2.d4 d5 3.e5 c5 4.c3 Nc6 5.f4 Qb6 6.Nf3 
cxd4 7.cxd4 Nge7 8.Bd3 Bd7 9.Bc2 Nb4 10.Nc3 Nxc2+ 
11.Qxc2 Nf5 12.Qd3 Be7 13.g4 Nh4 14.O-O Nxf3+ 
15.Rxf3 h5 16.g5 g6 17.h4 Bb4 18.Bd2 Rc8 19.a3 
Bxc3 20.Bxc3 Bb5 21.Qd2 Rc4 22.b3 Rc6 23.a4 Ba6 
24.Ba5 1-0

[Event "ACL-A070"]
[Site "www.playchess.de"]
[Date "2001.02.15"]
[Round "5"]
[White "Mr_Arnaud"]
[Black "dom"]
[WhiteElo "1240"]
[BlackElo "1500"]
[PlyCount "37"]
[Result "1/2-1/2"]

1.e4 e5 2.Nf3 Nc6 3.Bc4 Nf6 4.d4 exd4 5.O-O Nxe4 
6.Re1 d5 7.Bxd5 Qxd5 8.Nc3 Qa5 9.Nxe4 Be6 10.Bd2 
Bb4 11.Bxb4 Qxb4 12.Neg5 O-O 13.Qd3 {draw?}  g6 
{Non, merci.}  14.Nxe6 {Dis moi pourquoi?}  fxe6 
{Je ne comprends pas}  15.Rxe6 Qxb2 16.Rae1 {nulle 
facile}  Qxa2 17.Rxg6+ Kh8 18.Rh6 Qf7 
19.Re2 1/2-1/2

[Event "ACL-A073"]
[Site "www.playchess.de"]
[Date "2001.02.15"]
[Round "13"]
[White "Winkler"]
[Black "Dio"]
[WhiteElo "1500"]
[BlackElo "1500"]
[PlyCount "45"]
[Result "1/2-1/2"]

1.e4 d5 2.exd5 Nf6 3.d4 Nxd5 4.c4 Nb6 5.Nf3 g6 
6.Be2 Bg7 7.O-O O-O 8.Be3 Bg4 9.b3 Nc6 10.Nbd2 
Nxd4 11.Nxd4 Bxe2 12.Qxe2 Bxd4 13.Rad1 Bg7 14.Nf3 
Qc8 15.Bd4 Rd8 16.Bxg7 Kxg7 17.Qxe7 Re8 18.Qh4 Qf5 
19.Qd4+ Qf6 20.Qxf6+ Kxf6 21.Rfe1 Rxe1+ 22.Rxe1 
Nd7 23.Kf1 1/2-1/2

[Event "HCL-A066"]
[Site "www.playchess.de"]
[Date "2001.02.15"]
[Round "5"]
[White "siddharth"]
[Black "pawformation"]
[WhiteElo "1700"]
[BlackElo "1700"]
[PlyCount "32"]
[Result "0-1"]

1.e4 c5 2.Nf3 d6 3.d4 cxd4 4.Nxd4 Nf6 5.Nc3 a6 
6.Bd3 g6 7.O-O e5 8.Nb3 Nc6 9.Kh1 Be6 10.h3 Nb4 
11.f4 Nh5 12.Qe1 exf4 13.Bxf4 Nxf4 14.Rxf4 Nxd3 
{chris}  15.cxd3 Bg7 16.Rc1 Bh6 0-1

[Event "HCL-C153"]
[Site "www.playchess.de"]
[Date "2001.02.15"]
[Round "28"]
[White "Hulkster"]
[Black "guerino"]
[WhiteElo "1000"]
[BlackElo "1067"]
[PlyCount "27"]
[Result "1-0"]

1.e3 d5 2.Nh3 Nf6 3.Qf3 Bg4 4.Qf4 e6 5.f3 Bf5 
6.Bd3 Bxd3 7.cxd3 Bd6 8.Qa4+ c6 9.Qb3 Qc7 10.Qc3 
O-O 11.b3 Bxh2 12.Ba3 Be5 13.Qc5 Bxa1 
14.Qxf8+ 1-0

[Event "HCL-A068"]
[Site "www.playchess.de"]
[Date "2001.02.15"]
[Round "14"]
[White "kondor"]
[Black "teenspirit"]
[WhiteElo "1622"]
[BlackElo "1760"]
[PlyCount "45"]
[Result "1/2-1/2"]

1.e4 e6 {Hi Kondor! Nice to play u}  2.d4 {Thx. u 
2.}  d5 3.Nd2 Nf6 {where u from??}  4.e5 {It's a 
little secret:))...}  Nfd7 {Ok ok...}  5.f4 c5 
6.c3 Nc6 7.Ndf3 Qb6 8.Ne2 Be7 9.g3 O-O 10.Bg2 cxd4 
11.Nexd4 Nc5 12.O-O Ne4 13.Qe2 Bd7 14.Be3 Nxd4 
15.Nxd4 Bc5 16.Bxe4 dxe4 17.b4 Bxd4 18.Bxd4 Qb5 
19.Qe3 Rfc8 {What a strange position... not 
confortable for neither of us I think}  20.Bxa7 {I 
agree...}  Bc6 21.a4 Qc4 22.a5 Bd5 
23.Bc5 1/2-1/2

[Event "HCL-A069"]
[Site "www.playchess.de"]
[Date "2001.02.15"]
[Round "15"]
[White "kondor"]
[Black "Belka"]
[WhiteElo "1622"]
[BlackElo "1736"]
[PlyCount "46"]
[Result "1/2-1/2"]

1.c4 Nf6 2.d4 c5 3.d5 b5 4.cxb5 a6 5.bxa6 Bxa6 
6.Nc3 d6 7.e4 Bxf1 8.Kxf1 g6 9.g3 Bg7 10.Kg2 O-O 
11.Nf3 Nbd7 12.h3 Ra7 13.Re1 Qa8 14.Re2 Rb8 15.Rb1 
Ng4 16.hxg4 Bxc3 17.Bg5 Bf6 18.a3 Rab7 19.Bxf6 
Nxf6 20.g5 Nd7 21.Rc2 Qa4 22.Qe2 R7b3 23.e5 
Qg4 1/2-1/2

[Event "HCL-C159"]
[Site "www.playchess.de"]
[Date "2001.02.15"]
[Round "5"]
[White "hun"]
[Black "Winkler"]
[WhiteElo "1805"]
[BlackElo "1000"]
[PlyCount "49"]
[Result "1-0"]

1.e4 {Hallo, Winkler!}  e5 2.Nc3 Nc6 {Guten Morgen 
Hun,ich wünsche uns eine interessante Partie.Gruß 
Andreas}  3.Nf3 {Hallo, Andreas! Der bessere soll 
gewinnen.Schöne Grüsse aus Wien ! Laszlo}  Nf6 
{Guten Morgen Laszlo,ich bin aus Frankfurt/Oder 
und mal sehen ob es ein Vierspringerspiel wird.}  
4.d4 {   ;)}  d6 5.Bb5 {n`abend, Andreas!  :)}  
Bd7 6.Bxc6 {ein tausch...?  oder...}  Bxc6 {ja 
warum nicht.Gruß Andreas}  7.Qd3 {Wünsche Dir eine 
schöne Wochenende!  Gruß   L.     :)}  h6 {Ebenso 
ein schönes Wochenende.Gruß Andreas}  8.dxe5 dxe5 
9.Nxe5 Qe7 10.Nxc6 bxc6 11.Be3 {Ich habe gerade 
"stef" ein remis geschenkt(mit absicht) und als 
strafe wurde mein punktezahl reduzie}  Qd6 {Guten 
Morgen Laszlo,beschenken sollte man ja jemandem 
dem man kennt.Gruß Andreas}  12.O-O-O {...ja, :-/} 
 Be7 13.Qa6 { n´abend Andreas! :)}  Qe5 14.Qxc6+ { 
:)     ...  schach...}  Kf8 15.f4 Qe6 16.Qxa8+ 
{... sory...}  Ne8 {Ich habe nicht gut gespielt 
und Strafe muß sein.Gruß Andreas}  17.Bxa7 
{Hallo,Andreas! Leider...}  f6 18.g3 g6 19.Qd5 Qd6 
20.Qxd6 Bxd6 21.Nb5 Ke7 22.Nxd6 cxd6 23.f5 g5 
24.h4 {..aber jetzt spielst Du wieder "gut"  !   
;))}  g4 25.Be3 {? was ist dein plan? ...  :)} 
 1-0

[Event "HCL-C159"]
[Site "www.playchess.de"]
[Date "2001.02.15"]
[Round "6"]
[White "uneek"]
[Black "hun"]
[WhiteElo "1191"]
[BlackElo "1805"]
[PlyCount "68"]
[Result "0-1"]

1.d4 {Hello, Good luck and a virtual 
handshake....}  d5 {Hi, Uneek!    Danke,wünsche 
ich Dir auch! Gruß aus Wien (Vienna)  :)}  2.Nf3 
{:o)}  Nf6 3.e3 Bg4 4.c4 e6 5.Nc3 Be7 6.Be2 O-O 
7.Kf1 Nc6 8.h3 {Just for the record... I was 
trying to castle that last move but fouled it up 
somehow...}  Bh5 {  ;)}  9.Qb3 Na5 10.Qd1 Nxc4 
11.Bxc4 dxc4 12.Qa4 a6 13.Qxc4 b5 14.Qe2 b4 15.Na4 
Qd7 16.b3 Rfc8 17.Nc5 Bxc5 18.dxc5 Bxf3 19.Qxf3 
Ne4 20.g3 {:(}  Nxc5 { :-/}  21.Kg2 e5 22.e4 Rce8 
23.Be3 Qe7 24.Rac1 Nd3 25.Rc2 Rad8 26.Rd2 Rd6 
27.Qe2 Red8 28.Rhd1 Qd7 29.Kh2 {Tough game!}  Qb5 
{Ja...     ;)}  30.f4 exf4 31.Bxf4 Nxf4 32.Qf2 
{:(}  Nxh3 33.Kxh3 Qd7+ {   :-/}  34.Kg2 
Rxd2 0-1

[Event "ACL-A083"]
[Site "www.playchess.de"]
[Date "2001.02.15"]
[Round "12"]
[White "dakini"]
[Black "stud"]
[WhiteElo "1405"]
[BlackElo "1500"]
[PlyCount "33"]
[Result "1-0"]

1.e4 e5 2.f4 d6 3.Nf3 Nc6 4.Bb5 Bd7 5.d3 Be7 
6.Bxc6 Bxc6 7.fxe5 dxe5 8.Nxe5 Qd6 9.Nxc6 Qxc6 
10.O-O Bf6 11.d4 O-O-O 12.e5 Bxe5 13.Qg4+ Kb8 
14.dxe5 Qc5+ 15.Kh1 Qxe5 16.Nc3 f6 
17.Qxg7 1-0

[Event "HCL-C163"]
[Site "www.playchess.de"]
[Date "2001.02.15"]
[Round "14"]
[White "ATP"]
[Black "janus"]
[WhiteElo "1000"]
[BlackElo "1682"]
[PlyCount "76"]
[Result "0-1"]

1.c4 {hallo Rüdiger, auf ein Neues-wird sicher 
verdammt schwer! Gruss andy (player27)}  Nf6 
{Super, daß wir uns hier treffen !! Viel Glück !! 
Gruß Rüdiger}  2.Nc3 {werde mich bemühen, so 
schnell wie möglich zu spielen (volle 
Absicht)klappt leider nicht immer}  e5 {Ok - bin 
morgen auch nicht im Büro ! Laß Dir Zeit !!}  
3.Nf3 {ok schade, aber du bist zuverlässig beim 
spielen-  sind viele nicht, gerade in HCL,}  Nc6 
{Ich bemühe mich !! Gute Nacht !!}  4.g3 {das 
ganze Ligensystem gefällt mir nicht so besonders, 
auch ein Grund,warum ich mit 2Namen spiele}  d5 
{Kommst Du dadurch nicht manchmal durcheinander 
??}  5.cxd5 {mit den Namen nicht, ist ja noch neu 
und nur dieses eine Turnier.Aber mit meinen 4 
Schachseiten! %-)}  Nxd5 {Geht mir ebenso - zu 
viele Partien schon wieder !!}  6.Bg2 {aber Hallo! 
viel zu viele! die meisten immernoch hier-bin 
heute unterwegs, bis später ; )}  Be6 {Ok - 
vielleicht schaue ich später noch einmal rein ?!}  
7.O-O {oje, alle auf einmal- bin online, solange 
die dumme Büchse durchhält ; )}  Nb6 {Ich auch 
noch für ca. 15 min.}  8.a3 {oh, ist knapp- dakini 
quält mich wieder ; )}  Be7 {Dann ist Thomas aber 
heute früh dran !!}  9.b4 {irgendwie ist ein 
Dreher hier in der Partie, macht aber auch nichts 
;)**Thomas ist fleissig und spie}  O-O {Welchen 
Dreher meinst Du ? Bisher läuft alles korrekt !}  
10.Rb1 {...und Thomas spielt sehr genau!**Du hast 
recht, alles korrekt hier (noch) ** Gute N8!}  a6 
{Tb1 - unscheinbar und sehr gut !! Bis morgen !!}  
11.d3 {ja, dann hoffe ich, dass ich was gescheites 
draus mache! Schönen Tag}  f5 {Das wünsche ich Dir 
auch !! Jetzt riskiere ich etwas mit f5 !}  12.Bb2 
{na klar, schaut schon bedrohlich aus  ; )}  Qd6 
{Aber bisher ist noch nichts los !}  13.b5 { ; )}  
Nd4 14.bxa6 {ich hoffe, der Spanier zieht noch, 
leider kein einziges Turnier regulär beendet, auch 
nicht bei free}  bxa6 {Das finde ich auch extrem 
unfair - solche Typen gehören raus !!}  15.Nd2 
{hey, deutliche Worte, aber es ist wirklich 
ärgerlich, klappt nirgendwo (freechess)}  Rab8 
{Vielleicht sollten wir dem Betreiber mal eine 
E-Mail schreiben ?!}  16.e3 {eigentl. eine gute 
Idee, helfen wirds aber nicht viel, kann ja 
niemand Einfluss auf die Spieler nehm}  Nb5 {Das 
stimmt - aber sperren kann man solche Spieler !!}  
17.Nxb5 {sorry- habe gerade 12. Lc3 gegen Smutje 
gespielt, ganz gemein- bin gespannt auf seine 
Reaktion : ))}  axb5 {Das schaue ich mir mal an - 
bin neugierig !!}  18.Re1 {um zurückzukommen...strafe 
gibts- unter: Help Topics/Tournament Rules/Games}  
Na4 {OK - werde drauf verweisen. Smutje ist gegen 
Dich platt !!}  19.Qc2 {*kicher* ist doch immer 
wieder amüsant, gg Smutje zu spielen, kann sich 
aber einmal rächen,}  Nxb2 {Das stimmt - obwohl 
ich gegen ihn auch schon mit einer Minusdame 
gewann !}  20.Qxb2 {ups-das ist schon 
heftig-leider gibts viel zu wenige dieser Klasse- 
traut sich keiner zu spielen : )}  c5 {Aber ein 
harter Kampf gegen einen Gegner wie Dich macht mir 
mehr Spaß !!}  21.f4 {Danke-aber zum Top-Spieler 
fehlt noch einiges-u.darum darf ich auch bei 
schwach.Gegn. nicht n"lässig}  exf4 {Ein 
Topspieler bin ich aber auch nicht ! Letzter Zug 
für heute !!}  22.exf4 {aber auf einem guten Weg 
dahin!  ; )}  Bf6 {Ich bemühe mich !! Morgen 
schaffen wir bestimmt einige Züge !!}  23.Qc2 {na 
klar! sagt Thomas immer, ist dabei manchmal aber 
ein wenig zu überhastet (Fehler)}  Rfe8 {Stimmt - 
er hat bei mir einzügig einen Turm eingestellt ! 
Schluß für heute !}  24.a4 {wenn*s brenzlig 
scheint, nehme ich mir doch eine gewisse 
Zeit-müssen ja nicht gleich 10 Tage sein,}  bxa4 
{Das machst Du richtig - hat jede gute Partie auch 
verdient !!}  25.Rxb8 {merke doch, das du allm. 
Oberwasser bekommst,da hilft auch langes 
Nachdenken nichts,wies viele mache}  Rxb8 {Evtl. 
gewinne ich einen Bauern, aber noch ist die Partie 
nicht beendet !}  26.Qxa4 {ja, es sind Feinheiten, 
die mir fehlen- keine grösseren Patzer!  andy}  
Bc3 {Ich glaube, daß Lc3 noch stärker als der 
sofortige Bauerngewinn ist - mal sehen ?!}  
27.Rxe6 {ja, dein Läuferpaar ist eine Macht, bei 
dieser offenen Stellung, müsste ich vorhersehen}  
Qxe6 {Ein überraschender Zug von Dir - zunächst 
habe ich keine Wahl !!}  28.Qc4 {uups, wollte das 
Spiel beleben-nehme es nicht so bierernst wie ACL 
o. freechess. andy}  Qxc4 {Ok - aber mache es mir 
nicht zu leicht *grins* !!}  29.Nxc4 {Txe6- ein 
typischer "miregal"- Zug *g* -stört eine gegn. 
Figur-weg damit um jeden Preis}  Rd8 {Hoffentlich 
(für Dich *grins*) war der Preis nicht zu hoch 
!!!}  30.Bf1 {und auch wenn er zu hoch war, es 
geht doch ein wenig lockerer zu,spez. mit meinem 
zweiten Login ; )}  Kf7 {Das sehe ich *grins* !!}  
31.Kf2 {in einer and. Klasse hätt ich diese Partie 
best. schon aufgegeben,hieraber werd ich 
dichnochforder}  Ra8 {Ok - bin bereit !!!}  32.h3 
{ok, ein ganz klein wenig fordern *g* -ist aber ok 
so}  Bd4+ {Na klar - außerdem ist es ein gutes 
Endspieltraining !!!}  33.Kf3 {...mit dir als 
Coach : )}  h5 {Geht klar - werde ab und zu eine 
Bemerkung zu meinen Gedanken machen !!}  34.h4 
{Thomas haut auch manchmal solche Züge wie 27.Txe6 
aufs Brett}  Ke6 {Stimmt - aber leider nie gegen 
mich *grins* ! Da muß ich immer kämpfen !!}  
35.Ne3 {ja?! ich konnte oft von einigen Patzern 
profitieren, passiert mir aber genauso oft ; (}  
Bxe3 {Mir auch - aber grobe Böcke zum Glück nur 
selten ;-)) !}  36.Kxe3 {bei dir reichen (leider) 
schon ein paar schwächere Züge zum Verlust *g*}  
Ra3 {Mein Plan: Abklemmung des weißen Königs und 
es droht Zugzwang.}  37.Be2 {so,genug gelobt ; ) 
habe bis jetzt (natürlich) auch noch einige 
weitere starke Spieler kennengelernt}  g6 {Und 
einige davon haben wir in der anderen Gruppe !!}  
38.Kd2 {mehr dazu später...dein Bauer droht sogar 
durchzumarschieren-Schluss im nächsten!!}  Kd5 
{Das war mein Plan - nächste Partie wird besser 
!!!}  0-1

[Event "HCL-B160"]
[Site "www.playchess.de"]
[Date "2001.02.15"]
[Round "6"]
[White "Gruhni"]
[Black "jonte2"]
[WhiteElo "1412"]
[BlackElo "1581"]
[PlyCount "37"]
[Result "1/2-1/2"]

1.e4 {Hello and good game!}  e5 {Hi!! and good 
luck to you too :-.)}  2.Nf3 Nc6 3.Bb5 a6 4.Ba4 
Nf6 5.Nc3 Bb4 6.a3 Bxc3 7.bxc3 O-O 8.d3 d6 9.Bg5 
Be6 10.Bb3 h6 11.Bh4 Na5 12.O-O Qe7 13.h3 Nxb3 
14.cxb3 Rfe8 15.Re1 c6 16.c4 Rab8 17.d4 Rbd8 18.d5 
Bd7 19.Rc1 1/2-1/2

[Event "HCL-B160"]
[Site "www.playchess.de"]
[Date "2001.02.15"]
[Round "8"]
[White "pird"]
[Black "shepherd"]
[WhiteElo "1498"]
[BlackElo "1420"]
[PlyCount "45"]
[Result "1-0"]

1.e4 c5 2.d4 cxd4 3.c3 dxc3 4.Nxc3 e5 5.Nf3 Nc6 
6.Bc4 Nf6 7.O-O Be7 8.Qe2 O-O 9.Rd1 d6 10.h3 Ne8 
11.Be3 Kh8 12.Rac1 f5 13.exf5 Bxf5 14.b4 g5 15.b5 
Na5 16.Nxe5 Qc8 17.Nf7+ Kg7 18.Bd4+ Kg6 19.Qxe7 
Nxc4 20.Qxf8 Bxh3 21.Qg8+ Kf5 22.Qxh7+ Ke6 
23.Nxg5+ 1-0

[Event "HCL-A072"]
[Site "www.playchess.de"]
[Date "2001.02.15"]
[Round "15"]
[White "sazex"]
[Black "teenspirit"]
[WhiteElo "1845"]
[BlackElo "1762"]
[PlyCount "27"]
[Result "1-0"]

1.e4 g6 {Hi again sazex}  2.d4 Bg7 3.Nf3 d6 4.Nc3 
Nd7 5.Bc4 e5 6.Ng5 Nh6 7.Bxf7+ Nxf7 8.Ne6 Qf6 
9.Nxc7+ Kd8 {didn't u like Nd5?}  10.N3d5 Qh4 
11.Ne6+ Ke8 12.Nxg7+ Kf8 13.Ne6+ Kg8 
14.Qg4 1-0